| 000 | 00662nam a2200205 4500 | ||
|---|---|---|---|
| 003 | OSt | ||
| 005 | 20230907094444.0 | ||
| 008 | 708 R549v | ||
| 020 | _a0 938437 60 7 | ||
| 040 | _cLado V | ||
| 082 |
_a711.6 _bC198m |
||
| 100 |
_91022 _aCampos-Pons, María Magdalena _eautor |
||
| 245 | _aMeanwhile, The Girls Were Playing/ | ||
| 260 |
_aMassachusetts _bMIT List Visual Arts Center _c2000 |
||
| 300 |
_a30p. _c18x18cm |
||
| 650 |
_2Tesauro de Arte & Arquitectura _aARTE _9702 |
||
| 650 |
_2Tesauro de Arte & Arquitectura _aEXHIBICIÓN _9702 |
||
| 650 |
_2Tesauro de Arte & Arquitectura _aINSTALACION _9702 |
||
| 942 |
_2ddc _c1 _h711.6 _iC198m _n0 |
||
| 999 |
_c4279 _d4279 |
||